| 000 | 00931nas a2200313 4500 | ||
|---|---|---|---|
| 001 | BR2018002059 | ||
| 003 | BR-BrBNA | ||
| 005 | 20231205131429.0 | ||
| 007 | ta | ||
| 008 | 230509b bl.|||p| |||| 00| 00por d | ||
| 040 |
_aBR-BrBNA _bpor _cBiblioteca Nacional de Agricultura |
||
| 041 | _a(Pt) | ||
| 072 | _aF30 | ||
| 100 | 1 | _aMoraes, C.B. de | |
| 100 | 1 | _aCarvalho, E.V. de | |
| 100 | 1 | _aZimback, L. | |
| 100 | 1 | _aLuz, O. dos S.L. | |
| 100 | 1 | _aPieroni, G.B. | |
| 100 | 1 | _aMori, E.S. | |
| 100 | 1 | _aLeal, T.C.A. de B. | |
| 245 | 1 | _aVariabilidade genética em progênies de meios-irmãos de eucaliptos para tolerância ao frio | |
| 650 | _aEUCALIPTO | ||
| 650 | _aPARÂMETRO GENÉTICO | ||
| 650 | _aPROGÊNIE | ||
| 650 | _aGEADA | ||
| 773 | 0 |
_tRevista Árvore (Brazil) _xISSN 0100-6762 _g(Nov-Dec 2015), v. 39(6) p. 1047-1054 _wBR2018002059 |
|
| 909 |
_a202311 _bLúcia _c55 _dLúcia Elande |
||
| 942 |
_2AGRIS _n0 _cANA |
||
| 999 |
_c254776 _d254776 |
||